The art of sketching from nature. (Record no. 552974)
[ view plain ]
| 000 -LEADER | |
|---|---|
| fixed length control field | 00635cam a22001931 4500 |
| 082 ## - DEWEY DECIMAL CLASSIFICATION NUMBER | |
| Classification number | 750 |
| Author Mark | ROW |
| 100 1# - MAIN ENTRY--PERSONAL NAME | |
| Personal name | Rowbotham, Thomas Leeson, |
| 9 (RLIN) | 50247 |
| 245 14 - TITLE STATEMENT | |
| Title | The art of sketching from nature. |
| Remainder of title | With ... illustrations ... |
| Statement of responsibility, etc. | by T.L. Rowbotham. |
| 250 ## - EDITION STATEMENT | |
| Edition statement | 48. ed. |
| 260 ## - PUBLICATION, DISTRIBUTION, ETC. | |
| Place of publication, distribution, etc. | London, |
| Name of publisher, distributor, etc. | Winsor and Newton, Ltd. |
| Date of publication, distribution, etc. | [1884] |
| 300 ## - PHYSICAL DESCRIPTION | |
| Extent | 2 p. l., (1)8-68 p., 8 pl. |
| Dimensions | 12mo. |
| 490 1# - SERIES STATEMENT | |
| Series statement | One shilling hand-books on art ; |
| 526 ## - STUDY PROGRAM INFORMATION NOTE | |
| Program name | 0 |
| Interest level | 0 |
| Reading level | 0 |
| Title point value | 750_000000000000000_ROW |
| 650 #0 - SUBJECT ADDED ENTRY--TOPICAL TERM | |
| Topical term or geographic name entry element | Landscape drawing. |
| 9 (RLIN) | 50248 |
| 650 #0 - SUBJECT ADDED ENTRY--TOPICAL TERM | |
| Topical term or geographic name entry element | Landscape painting. |
| 9 (RLIN) | 50249 |
| 650 #4 - SUBJECT ADDED ENTRY--TOPICAL TERM | |
| Topical term or geographic name entry element | Drawing (Landscape) |
| 9 (RLIN) | 50250 |
| 650 #4 - SUBJECT ADDED ENTRY--TOPICAL TERM | |
| Topical term or geographic name entry element | MCE |
| 9 (RLIN) | 379 |
| 942 ## - ADDED ENTRY ELEMENTS (KOHA) | |
| Source of classification or shelving scheme | |
| Koha item type | Book |
| Withdrawn status | Lost status | Source of classification or shelving scheme | Damaged status | Not for loan | Permanent Location | Current Location | Shelving location | Date acquired | Total Checkouts | Full call number | Barcode | Date last seen | Price effective from | Koha item type |
|---|---|---|---|---|---|---|---|---|---|---|---|---|---|---|
| Military College of Engineering (MCE) | Military College of Engineering (MCE) | 01/28/2015 | 750 ROW | MCE-ECA/32 | 01/28/2015 | 01/28/2015 | Book |
